00467nam a2200109Ia 4500008004100000050002100041100002800062245012600090260008600216300002800302521002700330140724s9999 xx 000 0 und d aTP 1b.B614 2011 aBinos, Kurt Jason Bola. aComputerized student evaluation for instructors of Southville International School and Colleges /cKurt Jason Bola Binos. aLas Piñas, Philippines :bSouthville International School and Colleges,cc2011. a50 p. :bill. ;c28 cm. aInformation Technology